000 00613nam a22001697a 4500
005 2012041708238.0
020 _a8170541034
_c180.00
035 _aA-389432
037 _aDPL
_bENG
100 _aDharam Vir
_945212
245 _aTribal women changing spectrum in India /
_cby Dharam Vir and Manju Manral
260 _aNew Delhi
_bClassical Publishing Company
_c1990
300 _axv, 195p.
_c20 cms.
700 _aManral, Manju
_945213
942 _2ddc
_cEN
_h305.4
_mDHA
999 _c65110
_d65110